000 00613cam a22002053a 4500
001 45208
003 PGUSA
005 20140828084032.0
008 140325s2014||||xxu|||||s|||||000 | eng d
040 _aPGUSA
_beng
042 _adc
100 1 _aMcAlister, Hugh
245 1 4 _aThe Flight of the Silver Ship :
_bAround the World Aboard a Giant Dirgible
_h[electronic resource] /
_cHugh McAlister
260 _bProject Gutenberg,
_c2014
506 _aPublic domain in the USA.
516 _aElectronic text
830 0 _aProject Gutenberg
_v45208
856 4 0 _uhttp://www.gutenberg.org/ebooks/45208
942 _cEB
999 _c274459
_d274459